000 00736nam a2200217 4500
003 OSt
005 20240726044009.0
006 a
008 240726b |||||||| |||| 00| 0 eng d
020 _a9789715870559
040 _aDWCL-Main lib.
_cOC
082 _22010 edition
_aFil. 657.046 V633a 2010
100 _aVicente, Maria Violeta V.
245 _aAdvanced accounting, volume 3 : specialized accounting: fiduciary, government, fund and cooperative /
250 _a2010 edition
260 _aMandaluyong City :
_bMutual Books, Inc.,
_cc2010.
300 _b415 p. ;
_c23 cm.
504 _aIncludes bibliographical references.
650 _a1. Accounting-Problems, exercises, etc.
942 _2ddc
_n0
_cBK - FIL
_e2010 edition
_kFil.
999 _c2788
_d2788